Quiz Piłkarski "jeden z czterech" #3 - Statystyki

Ogólne statystyki
  • Ten quiz został rozwiązany 65 razy
  • Średni wynik to 13 z 15
Statystyki odpowiedzi
Zagadnienie Odpowiedź % Poprawnych
Jak na imię ma Grosicki? Kamil
98%
Jaki kolor widnieje na domowych koszulkach Holenderskiej Reprezentacji? Pomarańczowy
98%
Jaki zespól ma przydomek "Kanonierzy"? Arsenal
97%
Jak nazywa się prezes FIFA? Infantino
95%
Jaki azjatycki zespół miała Polska w grupie na MŚ2018? Japonia
95%
Jaki bramkarz jako jedyny zdobył Złotą Piłkę? Lev Yashin
93%
Ile PSG zapłaciło FC Barcelonie za Neymara, przy tym pobijając najdroższy transfer w historii? 222mln
92%
Jaki zespól najwięcej razy wygrał Ekstraklasę? Legia Warszawa
92%
Kto strzelił jedynego gola w finale MŚ2014? Mario Gotze
89%
Jak nazywa się stadion Atletico Madryt? Wanda Metropolitano
82%
Z jakiego Miasta jest Sturm Graz? Graz
80%
Ile Leo Messi ma złotych piłek? 8
75%
Z jakiego kraju pochodzi Elif Elmas? Macedonia północna
74%
W którym roku powstał klub Fc Barcelona? 1889
62%
Ile Lig Mistrzów ma Inter Mediolan? 3
30%
Nie znaleziono quizów pasujących do podanych kryteriów
Rozkład punktacji
Procent ludzi z każdym wynikiem
Percentyl według liczby udzielonych odpowiedzi
Twoja historia wyników
Nie rozwiązałeś tego quizu